000 00593nam a2200181Ia 4500
005 20250508153228.0
008 008 250505s9999 xx 000 0 eng d
037 _aTextual
040 _aFEDL
_beng
_cFEDL
041 _aeng
_2eng
084 _a385.54, SAX
_qFEDL
100 _aSaxena K K
_9131005
245 0 _aIndian railways -problems and prospects: A study in the management and working of Indian railways
260 _aBombay, India
_bVora and Company Publishers Private Limited
_c1962
300 _axi,272p
942 _cTEXL
_h385.54, SAX
999 _c1341392
_d1341392